¿Dónde están los machos? Sindicalización anarquista, masculina y femenina, en la industria del dulce (Buenos Aires, 1920-1929)

Este trabajo da cuenta de las tensiones en la construcción de identidades militantes en clave de géneros, en la experiencia de sindicalización de los obreros y obreras del dulce porteños durante la década del veinte, analizando El Obrero en Dulce, periódico de la organización gremial anarquista Soci...

Full description

Bibliographic Details
Main Author: Scheinkman, Ludmila
Format: Analitica de revista
Language:Spanish
Published: Buenos Aires: Centro de Estudios Históricos de los Trabajadores y las Izquierdas (CEHTI), 2015.
Subjects:
Online Access:Acceso electrónico al documento

MARC

LEADER 00000cab a2200000 a 4500
008 160613s2015 ag 000 spa
952 |0 0  |1 0  |4 0  |6 ARCHIVOS_7_15_000000000000000  |7 0  |8 COMP  |9 89521  |a BC  |b BC  |c Hemeroteca  |d 2018-03-19  |l 0  |o ARCHIVOS-7/15  |r 2018-03-19 00:00:00  |w 2018-03-19  |y REVA 
999 |c 50385  |d 50385 
040 |a UAHC_CL  |c UAHC_CL  |d UAHC_CL 
100 |a Scheinkman, Ludmila  |9 2454 
245 |a ¿Dónde están los machos?  |b Sindicalización anarquista, masculina y femenina, en la industria del dulce (Buenos Aires, 1920-1929)  |c Ludmila Scheinkman. 
260 |a Buenos Aires:  |b Centro de Estudios Históricos de los Trabajadores y las Izquierdas (CEHTI),  |c 2015. 
300 |a p. 15-35 
500 |a En: Archivos de historia del movimiento obrero y la izquierda. Año IV, no. 7, septiembre 2015. pp. 15-35. ISSN: 2313-9749. 
520 |a Este trabajo da cuenta de las tensiones en la construcción de identidades militantes en clave de géneros, en la experiencia de sindicalización de los obreros y obreras del dulce porteños durante la década del veinte, analizando El Obrero en Dulce, periódico de la organización gremial anarquista Sociedad Obreros en Dulce Unidos. En una rama industrial que se estaba feminizando, en un contexto de crisis del anarquismo, los activistas varones construyeron una identidad militante en clave excluyentemente masculina. Creemos que este factor debe ser ponderado a la hora de evaluar las dificultades organizacionales del gremio, que no supo “ganar” a su causa a las mujeres, siendo, por el contrario, expulsivo para ellas. 
650 0 |9 605  |a Género  |x Aspectos sociales 
650 0 |9 2455  |a Machismo 
650 0 |9 2322  |a Sindicalismo  |z Argentina 
650 0 |9 2317  |a Anarquismo  |z Argentina 
650 0 |9 2474  |a Sexismo 
773 |t Archivos de historia del movimiento obrero y la izquierda 
856 |u http://www.archivosrevista.com.ar.ca1.toservers.com/contenido/wp-content/uploads/2015/08/Scheinkman.pdf  |y Acceso electrónico al documento 
900 |a ARCHIVOS-7/15 
942 |c REVA  |2 ddc